The art of folding : creative forms in design and architecture (Record no. 12361)

000 -LEADER
fixed length control field 00377 a2200145 4500
003 - CONTROL NUMBER IDENTIFIER
control field OSt
005 - DATE AND TIME OF LATEST TRANSACTION
control field 20240117105226.0
008 - FIXED-LENGTH DATA ELEMENTS--GENERAL INFORMATION
fixed length control field 240117b ||||| |||| 00| 0 eng d
020 ## - INTERNATIONAL STANDARD BOOK NUMBER
International Standard Book Number 9788492810666
082 ## - DEWEY DECIMAL CLASSIFICATION NUMBER
Classification number 709
Item number TRE
100 ## - MAIN ENTRY--PERSONAL NAME
Personal name Trebbi, Jean-Charles
245 ## - TITLE STATEMENT
Title The art of folding : creative forms in design and architecture
260 ## - PUBLICATION, DISTRIBUTION, ETC. (IMPRINT)
Name of publisher, distributor, etc Promopress
Date of publication, distribution, etc 2012
942 ## - ADDED ENTRY ELEMENTS (KOHA)
Source of classification or shelving scheme
Holdings
Withdrawn status Lost status Source of classification or shelving scheme Damaged status Koha normalized classification for sorting Not for loan Permanent location Current location Date acquired Source of acquisition Cost, normal purchase price Full call number Barcode Date last seen Cost, replacement price Price effective from Koha item type
        709_000000000000000_TRE   BMS College of Architecture, Design and Planning BMS College of Architecture, Design and Planning 2024-01-17 1 1951.20 709 TRE AR-UG3549 2024-01-17 2601.60 2024-01-17 UG Books
Copyright © 2025, The Librarian, Library and Information Centre, BMSCA D&P, Bengaluru. All Rights Reserved
web counter

Powered by Koha